[Event "Voronezh op 05"]
[Site "Voronezh"]
[Date "2012.05.18"]
[Round "7"]
[White "Polyansky, Viktor"]
[Black "Ognerubova, Anastasia"]
[Result "1/2-1/2"]
[WhiteElo "2009"]
[BlackElo "2044"]
[PlyCount "107"]
[EventDate "2012.05.12"]
[EventType "swiss"]
[EventRounds "9"]
[EventCountry "RUS"]
[SourceTitle "EXT 2013"]
[Source "ChessBase"]
[SourceDate "2012.11.22"]
[SourceVersion "1"]
[SourceVersionDate "2012.11.22"]
[SourceQuality "1"]

1. e4 c5 2. Nf3 e6 3. d4 cxd4 4. Nxd4 a6 5. Nc3 Qc7 6. Be2 Nf6 7. 0-0 Bb4 8. Qd3 Nc6 9. Nxc6 bxc6 10. a3 Be7 11. Qg3 Qxg3 12. hxg3 d5 13. Na4 Bb7 14. Nb6 Rd8 15. exd5 cxd5 16. c4 0-0 17. Bf3 Bc6 18. cxd5 Nxd5 19. Nxd5 Bxd5 20. Be2 Bb7 21. Be3 Rd7 22. Rfd1 Rfd8 23. Rxd7 Rxd7 24. Rc1 Bf6 25. Bf3 h6 26. Bxb7 Rxb7 27. b4 Bb2 28. Rc8+ Kh7 29. Bc1 Be5 30. Kf1 Kg6 31. Ke2 Kf6 32. f4 Bc7 33. Bb2+ Kg6 34. Bc3 f6 35. Kd3 Kf5 36. Rg8 Bb6 37. Ra8 Rd7+ 38. Ke2 Ba7 39. Rc8 Bb6 40. Rc6 Rb7 41. Kf3 h5 42. a4 Rc7 43. Rxc7 Bxc7 44. Bd4 e5 45. Bc5 Ke6 46. fxe5 Kxe5 47. g4 hxg4+ 48. Kxg4 Kd5 49. Bf8 g6 50. Be7 Be5 51. Kf3 Kc4 52. Ke4 Bc3 53. g4 Bxb4 54. Bxf6 1/2-1/2

[Event "Voronezh op 05"]
[Site "Voronezh"]
[Date "2012.05.12"]
[Round "1"]
[White "Ognerubova, Anastasia"]
[Black "Timchenko, Aleksandr"]
[Result "1-0"]
[WhiteElo "2044"]
[BlackElo "2072"]
[PlyCount "41"]
[EventDate "2012.05.12"]
[EventType "swiss"]
[EventRounds "9"]
[EventCountry "RUS"]
[SourceTitle "EXT 2013"]
[Source "ChessBase"]
[SourceDate "2012.11.22"]
[SourceVersion "1"]
[SourceVersionDate "2012.11.22"]
[SourceQuality "1"]

1. e4 e5 2. f4 exf4 3. Bc4 Qh4+ 4. Kf1 Bc5 5. d4 Bb6 6. Nf3 Qe7 7. Nc3 Nc6 8. Bxf4 h6 9. Ne5 d5 10. exd5 Qb4 11. Qe1 Nce7 12. d6 Be6 13. Bxe6 fxe6 14. dxe7 Qxe7 15. Qe4 Qf6 16. Qg6+ Ke7 17. Qxf6+ Kxf6 18. g4 Bxd4 19. Ne4+ Ke7 20. Ng6+ Kd7 21. Nxh8 1-0

[Event "Voronezh Region-ch"]
[Site "Voronezh"]
[Date "2010.12.15"]
[Round "8"]
[White "Ognerubova, Anastasia"]
[Black "Provkin, Vladimir"]
[Result "0-1"]
[WhiteElo "2057"]
[BlackElo "2213"]
[PlyCount "58"]
[EventDate "2010.12.07"]
[EventType "swiss"]
[EventRounds "9"]
[EventCountry "RUS"]
[SourceTitle "EXT 2013"]
[Source "ChessBase"]
[SourceDate "2012.11.22"]
[SourceVersion "1"]
[SourceVersionDate "2012.11.22"]
[SourceQuality "1"]

1. e4 c5 2. Nf3 d6 3. d4 Nf6 4. Nc3 cxd4 5. Qxd4 e5 6. Bb5+ Nbd7 7. Qd3 h6 8. Nd2 Be7 9. Nc4 0-0 10. Bxd7 Qxd7 11. 0-0 Qc6 12. Ne3 Be6 13. Ncd5 Bd8 14. Rd1 Bxd5 15. exd5 Qd7 16. b3 e4 17. Qe2 Nh7 18. Bb2 f5 19. c4 f4 20. Nc2 f3 21. gxf3 Ng5 22. Kh1 Bb6 23. Bd4 Rae8 24. Bxb6 axb6 25. Nd4 exf3 26. Qd3 Qh3 27. Rg1 Ne4 28. Qe3 Re5 29. Ne6 Qxh2+ 0-1

[Event "Voronezh Region-ch Juniors"]
[Site "Voronezh"]
[Date "2010.11.28"]
[Round "6.1"]
[White "Ognerubova, Anastasia"]
[Black "Kurnakov, Maxim"]
[Result "1-0"]
[WhiteElo "2057"]
[BlackElo "1875"]
[PlyCount "95"]
[EventDate "2010.11.23"]
[EventType "swiss"]
[EventRounds "9"]
[EventCountry "RUS"]
[SourceTitle "EXT 2022"]
[Source "ChessBase"]
[SourceDate "2021.10.06"]
[SourceVersion "1"]
[SourceVersionDate "2021.10.06"]
[SourceQuality "1"]

1. e4 c5 2. Nf3 d6 3. d4 cxd4 4. Qxd4 Bd7 5. c4 Nc6 6. Qd2 Nf6 7. Nc3 g6 8. b3 Bg7 9. Bb2 0-0 10. Be2 Bg4 11. h3 Bxf3 12. Bxf3 Ne5 13. Be2 Qa5 14. 0-0 Ned7 15. Rad1 Nc5 16. Bd3 Qb6 17. Bc2 Qc6 18. Rfe1 Ncd7 19. Nd5 Rfe8 20. Bb1 Nxd5 21. exd5 Qa6 22. Bxg7 Kxg7 23. Re2 Qb6 24. Rde1 Qd8 25. f4 a6 26. Kh1 Rc8 27. Qb4 Nc5 28. Be4 Rb8 29. Re3 b5 30. Bd3 bxc4 31. Qc3+ Kg8 32. Bxc4 a5 33. a4 Rb7 34. Qd4 Rb4 35. Qd1 Qc7 36. Bb5 Rxb5 37. axb5 Qb7 38. Qd4 Qxb5 39. Rxe7 Rf8 40. Qf6 Nxb3 41. Qxd6 a4 42. Qc6 Qa5 43. Re8 a3 44. Qd6 Rxe8 45. Rxe8+ Kg7 46. Qf8+ Kf6 47. Qh8+ Kf5 48. Qe5# 1-0

[Event "Voronezh Region-ch Juniors"]
[Site "Voronezh"]
[Date "2010.11.24"]
[Round "2.2"]
[White "Ognerubova, Anastasia"]
[Black "Kutliev, Rustam"]
[Result "1/2-1/2"]
[WhiteElo "2057"]
[BlackElo "1831"]
[PlyCount "54"]
[EventDate "2010.11.23"]
[EventType "swiss"]
[EventRounds "9"]
[EventCountry "RUS"]
[SourceTitle "EXT 2022"]
[Source "ChessBase"]
[SourceDate "2021.10.06"]
[SourceVersion "1"]
[SourceVersionDate "2021.10.06"]
[SourceQuality "1"]

1. e4 e6 2. d4 d5 3. Nd2 c5 4. exd5 Qxd5 5. Ngf3 cxd4 6. Bc4 Qd6 7. 0-0 Nf6 8. Nb3 Nc6 9. Nfxd4 Nxd4 10. Nxd4 a6 11. a4 Qc7 12. Bd3 Bd6 13. h3 Bd7 14. Be3 Nd5 15. Be4 Nxe3 16. fxe3 0-0 17. Qh5 f5 18. Bd3 g6 19. Qe2 e5 20. Bc4+ Kg7 21. Ne6+ Bxe6 22. Bxe6 Bc5 23. Kh1 Qb6 24. Bd5 Bxe3 25. Bxb7 Qxb7 26. Qxe3 Qxb2 27. Rab1 Qd4 1/2-1/2

[Event "Voronezh-ch"]
[Site "Voronezh"]
[Date "2010.03.09"]
[Round "1"]
[White "Ognerubova, Anastasia"]
[Black "Provotorov, Ivan"]
[Result "0-1"]
[WhiteElo "2081"]
[BlackElo "2406"]
[PlyCount "86"]
[EventDate "2010.03.09"]
[EventType "swiss"]
[EventRounds "9"]
[EventCountry "RUS"]
[SourceTitle "CBM 135 Extra"]
[Source "ChessBase"]
[SourceDate "2010.05.04"]
[SourceVersion "1"]
[SourceVersionDate "2010.05.04"]
[SourceQuality "1"]

1. e4 e5 2. Nf3 Nc6 3. Bb5 a6 4. Ba4 Nf6 5. 0-0 b5 6. Bb3 Bb7 7. c3 Nxe4 8. Re1 d5 9. d3 Nc5 10. Nxe5 Nxe5 11. Rxe5+ Be7 12. d4 Nxb3 13. axb3 0-0 14. Nd2 Bd6 15. Re1 Bc8 16. Nf3 Bg4 17. Qd3 f6 18. h3 Bh5 19. Qf5 Bf7 20. Bf4 a5 21. Bxd6 Qxd6 22. Ra2 b4 23. Qc2 Bg6 24. Qd2 Be4 25. Re3 Rfb8 26. c4 Re8 27. c5 Qa6 28. Ne1 f5 29. f4 Qh6 30. Qf2 Qf6 31. Re2 Qa6 32. Ra1 Re6 33. Nf3 Bxf3 34. Rxe6 Qxe6 35. Qxf3 h6 36. Qf2 Re8 37. Rxa5 Qe4 38. Rb5 Qb1+ 39. Kh2 Re1 40. Rxb4 Qc1 41. h4 Rh1+ 42. Kg3 Rf1 43. Qxf1 Qxf1 0-1

[Event "Wch U16 Girls"]
[Site "Kemer"]
[Date "2009.11.21"]
[Round "10"]
[White "Bukhteeva, Viktoria"]
[Black "Ognerubova, Anastasia"]
[Result "1-0"]
[WhiteElo "2203"]
[BlackElo "2077"]
[PlyCount "33"]
[EventDate "2009.11.12"]
[EventType "swiss"]
[EventRounds "11"]
[EventCountry "TUR"]
[SourceTitle "EXT 2010"]
[Source "ChessBase"]
[SourceDate "2010.11.25"]
[SourceVersion "1"]
[SourceVersionDate "2010.11.25"]
[SourceQuality "1"]

1. e4 e6 2. d4 d5 3. Nd2 dxe4 4. Nxe4 Nd7 5. Bd3 Ngf6 6. Qe2 c5 7. Nxf6+ Qxf6 8. Nf3 h6 9. d5 Bd6 10. 0-0 0-0 11. Qe4 Qf5 12. Qh4 Qxd5 13. Rd1 f5 14. Bxh6 Rf6 15. Qg5 Rf7 16. Bb5 Qe4 17. Qg6 1-0

[Event "Wch U16 Girls"]
[Site "Kemer"]
[Date "2009.11.20"]
[Round "9"]
[White "Ognerubova, Anastasia"]
[Black "Bharathi, R."]
[Result "1/2-1/2"]
[WhiteElo "2077"]
[BlackElo "2148"]
[PlyCount "40"]
[EventDate "2009.11.12"]
[EventType "swiss"]
[EventRounds "11"]
[EventCountry "TUR"]
[SourceTitle "EXT 2010"]
[Source "ChessBase"]
[SourceDate "2010.11.25"]
[SourceVersion "1"]
[SourceVersionDate "2010.11.25"]
[SourceQuality "1"]

1. e4 c5 2. Nf3 d6 3. d4 cxd4 4. Qxd4 Nc6 5. Bb5 Bd7 6. Bxc6 Bxc6 7. Nc3 Nf6 8. Bg5 e6 9. 0-0-0 Be7 10. Kb1 Qc7 11. h4 h6 12. Bc1 b6 13. Qd3 Qb7 14. Rhe1 0-0-0 15. Nd4 Kb8 16. g3 Nd7 17. f4 Nc5 18. Nxc6+ Qxc6 19. Qc4 Rc8 20. a3 Rhd8 1/2-1/2

[Event "Wch U16 Girls"]
[Site "Kemer"]
[Date "2009.11.18"]
[Round "7"]
[White "Ognerubova, Anastasia"]
[Black "Arnatskaya, Zoya"]
[Result "1-0"]
[WhiteElo "2077"]
[BlackElo "1893"]
[PlyCount "66"]
[EventDate "2009.11.12"]
[EventType "swiss"]
[EventRounds "11"]
[EventCountry "TUR"]
[SourceTitle "EXT 2010"]
[Source "ChessBase"]
[SourceDate "2010.11.25"]
[SourceVersion "1"]
[SourceVersionDate "2010.11.25"]
[SourceQuality "1"]

1. e4 c5 2. Nf3 e6 3. d4 cxd4 4. Nxd4 Nf6 5. Nc3 d6 6. g3 Nc6 7. Bg2 Bd7 8. Ndb5 Qb8 9. a4 Be7 10. Bg5 a6 11. Bxf6 gxf6 12. Na3 Qc7 13. 0-0 h5 14. h4 Ne5 15. Qd2 Qb6 16. Ne2 Rc8 17. a5 Qc5 18. Rfe1 Ng4 19. Nf4 Bf8 20. Rad1 Bh6 21. b4 Qa7 22. Qe2 Bxf4 23. gxf4 Ke7 24. Rd2 Rcd8 25. c4 b6 26. Qd3 Qc7 27. axb6 Qxb6 28. Nc2 e5 29. f5 Bc6 30. Red1 Ba4 31. Qc3 Qb8 32. Rb1 Rc8 33. Qa3 Bc6 1-0

[Event "Wch U16 Girls"]
[Site "Kemer"]
[Date "2009.11.13"]
[Round "2"]
[White "Papp, Petra"]
[Black "Ognerubova, Anastasia"]
[Result "1-0"]
[WhiteElo "2271"]
[BlackElo "2077"]
[PlyCount "74"]
[EventDate "2009.11.12"]
[EventType "swiss"]
[EventRounds "11"]
[EventCountry "TUR"]
[SourceTitle "EXT 2010"]
[Source "ChessBase"]
[SourceDate "2010.11.25"]
[SourceVersion "1"]
[SourceVersionDate "2010.11.25"]
[SourceQuality "1"]

1. e4 c5 2. Nf3 a6 3. c3 d6 4. d4 Qc7 5. Bd3 g6 6. 0-0 Bg7 7. Be3 Nf6 8. h3 0-0 9. Re1 b6 10. Nbd2 Bb7 11. d5 Nbd7 12. Rb1 b5 13. c4 b4 14. Nf1 Nb6 15. Qd2 Rfe8 16. Bh6 e6 17. Ng3 Re7 18. Bxg7 Kxg7 19. Bf1 Rae8 20. e5 Nfd7 21. exd6 Qxd6 22. Ne4 Qb8 23. Nxc5 exd5 24. Nxd7 Nxd7 25. Rxe7 Rxe7 26. Qxb4 Re8 27. Re1 Nf6 28. c5 Qc7 29. Rc1 a5 30. Qc3 Bc6 31. Nd4 a4 32. b4 axb3 33. axb3 Kg8 34. b4 Ne4 35. Qc2 Bd7 36. b5 Qf4 37. c6 Be6 1-0

[Event "Wch U16 Girls"]
[Site "Kemer"]
[Date "2009.11.12"]
[Round "1"]
[White "Ognerubova, Anastasia"]
[Black "Udapitiyage, Samasha Sayanjalee"]
[Result "1-0"]
[WhiteElo "2077"]
[BlackElo "1740"]
[PlyCount "56"]
[EventDate "2009.11.12"]
[EventType "swiss"]
[EventRounds "11"]
[EventCountry "TUR"]
[SourceTitle "EXT 2010"]
[Source "ChessBase"]
[SourceDate "2010.11.25"]
[SourceVersion "1"]
[SourceVersionDate "2010.11.25"]
[SourceQuality "1"]

1. e4 c5 2. Nf3 d6 3. d4 cxd4 4. Nxd4 Bd7 5. Be3 Nc6 6. Qd2 a6 7. Nc3 e6 8. 0-0-0 b5 9. g4 Qa5 10. Kb1 b4 11. Nce2 Nf6 12. Nb3 Qc7 13. h3 a5 14. g5 Ng8 15. Nbd4 Nxd4 16. Bxd4 Ne7 17. f4 Rb8 18. Bg2 a4 19. Rhe1 Nc6 20. Bf2 b3 21. cxb3 axb3 22. a3 Qb7 23. e5 d5 24. f5 Qa8 25. g6 hxg6 26. fxg6 fxg6 27. Qd3 Nb4 28. Qd2 Nc2 1-0

[Event "Voronezh Region-ch"]
[Site "Voronezh"]
[Date "2009.09.18"]
[Round "7.2"]
[White "Volk, Sergey"]
[Black "Ognerubova, Anastasia"]
[Result "1-0"]
[WhiteElo "2019"]
[BlackElo "2026"]
[PlyCount "57"]
[EventDate "2009.09.11"]
[EventType "swiss"]
[EventRounds "9"]
[EventCountry "RUS"]
[SourceTitle "EXT 2022"]
[Source "ChessBase"]
[SourceDate "2021.10.06"]
[SourceVersion "1"]
[SourceVersionDate "2021.10.06"]
[SourceQuality "1"]

1. Nf3 Nf6 2. c4 c5 3. g3 b6 4. Bg2 Bb7 5. 0-0 g6 6. b3 Bg7 7. Bb2 0-0 8. d4 cxd4 9. Nxd4 Bxg2 10. Kxg2 Qc8 11. Nc3 Nc6 12. Rc1 Nxd4 13. Qxd4 Qc6+ 14. f3 e6 15. Rfd1 Rfd8 16. Ne4 Ne8 17. Qd2 Bxb2 18. Qxb2 b5 19. c5 b4 20. Rd6 Qb5 21. Rc4 a5 22. Rb6 Qxb6 23. cxb6 d5 24. Rd4 dxe4 25. b7 exf3+ 26. Kxf3 Rab8 27. Rxd8 Rxd8 28. Qe5 Nd6 29. Qxd6 1-0

[Event "Voronezh Region-ch"]
[Site "Voronezh"]
[Date "2009.09.15"]
[Round "4.1"]
[White "Ognerubova, Anastasia"]
[Black "Demikhov, Vladislav"]
[Result "1-0"]
[WhiteElo "2026"]
[BlackElo "2123"]
[PlyCount "85"]
[EventDate "2009.09.11"]
[EventType "swiss"]
[EventRounds "9"]
[EventCountry "RUS"]
[SourceTitle "EXT 2022"]
[Source "ChessBase"]
[SourceDate "2021.10.06"]
[SourceVersion "1"]
[SourceVersionDate "2021.10.06"]
[SourceQuality "1"]

1. e4 d6 2. d4 Nf6 3. Nc3 g6 4. Bg5 Bg7 5. Qe2 c6 6. 0-0-0 0-0 7. f4 b5 8. e5 dxe5 9. dxe5 Nd5 10. Nxd5 cxd5 11. Qxb5 Be6 12. Bc4 Nd7 13. Bxd5 Rb8 14. Qe2 Qb6 15. c3 Nc5 16. Bxe7 Na4 17. Bxf8 Nxc3 18. bxc3 Qb1+ 19. Kd2 Rb2+ 20. Ke1 Rxe2+ 21. Nxe2 Qb6 22. Bxg7 Kxg7 23. Bxe6 Qxe6 24. Rd2 Qb6 25. Rf1 Qe3 26. Rf3 Qe4 27. Kf2 h5 28. h4 a5 29. Rd4 Qb1 30. a4 Qh1 31. Rh3 Qb1 32. Rhd3 Qh1 33. g3 Qc6 34. Ke3 Qb6 35. Rd2 Kf8 36. Kf3 Qc6+ 37. Kf2 Qc5 38. Rb2 Ke7 39. Rb7+ Ke6 40. Rbd7 Kf5 41. Rxf7+ Kg4 42. f5+ Kh3 43. fxg6 1-0

[Event "Voronezh Region-ch"]
[Site "Voronezh"]
[Date "2009.09.11"]
[Round "1.2"]
[White "Ognerubova, Anastasia"]
[Black "Provkin, Vladimir"]
[Result "1-0"]
[WhiteElo "2026"]
[BlackElo "2237"]
[PlyCount "65"]
[EventDate "2009.09.11"]
[EventType "swiss"]
[EventRounds "9"]
[EventCountry "RUS"]
[SourceTitle "EXT 2022"]
[Source "ChessBase"]
[SourceDate "2021.10.06"]
[SourceVersion "1"]
[SourceVersionDate "2021.10.06"]
[SourceQuality "1"]

1. e4 c5 2. Nf3 d6 3. d4 Nf6 4. Nc3 cxd4 5. Qxd4 e5 6. Bb5+ Nbd7 7. Qd3 Be7 8. Bg5 0-0 9. Bxd7 Qxd7 10. 0-0-0 Rd8 11. h4 Rb8 12. Bxf6 Bxf6 13. Nd5 Qa4 14. g4 Be6 15. g5 Bxd5 16. Qxd5 Be7 17. Kb1 Rdc8 18. b3 Qa3 19. g6 hxg6 20. Ng5 Rf8 21. Qd2 Qc5 22. h5 Bxg5 23. Qxg5 Rbc8 24. Rc1 gxh5 25. Qxh5 f5 26. Qh7+ Kf7 27. Qxf5+ Ke8 28. Qg6+ Ke7 29. Qxg7+ Rf7 30. Qg4 a5 31. Rh6 Rf6 32. Rh7+ Rf7 33. Qg5+ 1-0

[Event "RUS-chT Clubs U18"]
[Site "Rybinsk"]
[Date "2009.08.04"]
[Round "3"]
[White "Ognerubova, Anastasia"]
[Black "Trubitsyna, Yulia"]
[Result "1-0"]
[WhiteElo "2009"]
[BlackElo "1974"]
[PlyCount "85"]
[EventDate "2009.08.02"]
[EventType "team-swiss"]
[EventRounds "9"]
[EventCountry "RUS"]
[SourceTitle "CBM 131 Extra"]
[Source "ChessBase"]
[SourceDate "2009.09.03"]
[SourceVersion "2"]
[SourceVersionDate "2009.09.16"]
[SourceQuality "1"]

1. e4 d6 2. d4 Nf6 3. Nc3 g6 4. Bg5 Bg7 5. Qe2 h6 6. Bh4 0-0 7. 0-0-0 c6 8. f4 Qc7 9. Nf3 b5 10. e5 Nd5 11. Nxd5 cxd5 12. Qxb5 Nc6 13. Qe2 Bf5 14. Be1 Rfc8 15. Bc3 Nb4 16. Bxb4 Qxc2+ 17. Qxc2 Rxc2+ 18. Kb1 Rc4+ 19. Bd3 Bxd3+ 20. Rxd3 Rxb4 21. Rc1 Rc4 22. Rdc3 Rxc3 23. Rxc3 dxe5 24. fxe5 e6 25. Rc7 g5 26. h3 Bf8 27. Kc2 a5 28. a3 Kg7 29. g4 Kg6 30. Ne1 f6 31. Nd3 Ra6 32. exf6 Bd6 33. Ne5+ Bxe5 34. dxe5 h5 35. Rg7+ Kh6 36. gxh5 Ra8 37. b4 axb4 38. axb4 Kxh5 39. b5 Rb8 40. b6 Kh4 41. f7 Rf8 42. b7 Kxh3 43. Rg8 1-0

[Event "Voronezh op-B 13th"]
[Site "Voronezh"]
[Date "2009.06.13"]
[Round "2"]
[White "Skorobagatykh, Andrey"]
[Black "Ognerubova, Anastasia"]
[Result "1/2-1/2"]
[WhiteElo "1919"]
[BlackElo "2010"]
[PlyCount "74"]
[EventDate "2009.06.12"]
[EventType "swiss"]
[EventRounds "9"]
[EventCountry "RUS"]
[SourceTitle "CBM 130 Extra"]
[Source "ChessBase"]
[SourceDate "2009.07.02"]
[SourceVersion "2"]
[SourceVersionDate "2009.07.15"]
[SourceQuality "1"]

1. e4 e6 2. Nf3 d5 3. exd5 exd5 4. d4 Bd6 5. Bd3 Nf6 6. Bg5 0-0 7. 0-0 Bg4 8. Nbd2 Nbd7 9. Qb1 c6 10. c3 Qc7 11. Re1 Rfe8 12. Qc2 Bf4 13. Bxf4 Qxf4 14. g3 Qc7 15. Bf5 g6 16. Bxg4 Nxg4 17. h3 Ngf6 18. b3 a5 19. a4 c5 20. Qd3 Rac8 21. c4 cxd4 22. Qxd4 Qc5 23. Rac1 dxc4 24. Rxe8+ Rxe8 25. Qxc5 Nxc5 26. Rxc4 b6 27. b4 axb4 28. Rxb4 Nd5 29. Rb5 Ra8 30. Nc4 Rxa4 31. Nxb6 Nxb6 32. Rxc5 Nc4 33. Rc7 Nd6 34. Rd7 Nb5 35. Ng5 Ra7 36. Rxa7 Nxa7 37. f4 Nc6 1/2-1/2

[Event "RUS-chB U16 Girls"]
[Site "Dagomys"]
[Date "2009.04.17"]
[Round "3"]
[White "Ognerubova, Anastasia"]
[Black "Efremova, Daria"]
[Result "1-0"]
[WhiteElo "2010"]
[BlackElo "1897"]
[PlyCount "135"]
[EventDate "2009.04.15"]
[EventType "swiss"]
[EventRounds "9"]
[EventCountry "RUS"]
[SourceTitle "EXT 2010"]
[Source "ChessBase"]
[SourceDate "2010.11.25"]
[SourceVersion "1"]
[SourceVersionDate "2010.11.25"]
[SourceQuality "1"]

1. e4 e6 2. d4 d5 3. Nd2 c5 4. Ngf3 cxd4 5. exd5 Qxd5 6. Bc4 Qd6 7. 0-0 Nf6 8. Nb3 Nc6 9. Nbxd4 Nxd4 10. Nxd4 a6 11. a4 Qc7 12. b3 Bd6 13. h3 Bd7 14. Bb2 0-0-0 15. Qe2 Kb8 16. b4 Rc8 17. Bd3 Nd5 18. b5 Nf4 19. Qd2 Nxd3 20. cxd3 Bh2+ 21. Kh1 Bf4 22. Qb4 a5 23. Qb3 e5 24. b6 Qd6 25. Ne2 Bh6 26. Ba3 Qc6 27. Qb5 Qxb5 28. Bd6+ Ka8 29. axb5 Bxb5 30. Rxa5+ Ba6 31. Bc7 f6 32. Ng3 Bd2 33. Ra4 Bf4 34. Nf5 Rxc7 35. bxc7 Rc8 36. Nxg7 Rxc7 37. Ne6 Rc6 38. Nxf4 exf4 39. Rxf4 Bxd3 40. Rd1 Bg6 41. Ra4+ Kb8 42. Rd7 Rc8 43. Rb4 Rc7 44. Rd6 Rf7 45. Kg1 Kc7 46. Rdb6 Be4 47. Re6 Bd5 48. Re3 Bc6 49. f3 b5 50. Kf2 Kb6 51. g4 Kc5 52. Reb3 Rd7 53. Rf4 Rd6 54. Rc3+ Kb6 55. h4 h6 56. Kg3 Bd7 57. h5 Bc6 58. Kf2 Rd2+ 59. Ke3 Rd6 60. Rd4 Rxd4 61. Kxd4 b4 62. Re3 Kb5 63. f4 Ka4 64. Kc4 Bd7 65. Re7 Bb5+ 66. Kc5 Bf1 67. Rb7 Be2 68. Rxb4+ 1-0

[Event "RUS-chT Clubs U18"]
[Site "Rybinsk"]
[Date "2008.08.09"]
[Round "8"]
[White "Ognerubova, Anastasia"]
[Black "Suslova, Alena"]
[Result "0-1"]
[WhiteElo "2099"]
[BlackElo "2184"]
[PlyCount "72"]
[EventDate "2008.08.02"]
[EventType "team"]
[EventRounds "9"]
[EventCountry "RUS"]
[SourceTitle "CBM 125 Extra"]
[Source "ChessBase"]
[SourceDate "2008.09.01"]
[SourceVersion "1"]
[SourceVersionDate "2008.09.01"]
[SourceQuality "1"]

1. e4 d5 2. exd5 Nf6 3. Bc4 Nxd5 4. Nc3 Nb6 5. Bb3 g6 6. Nf3 Bg7 7. 0-0 0-0 8. h3 Nc6 9. a4 a5 10. d3 h6 11. Be3 Nb4 12. Re1 e6 13. Qd2 Kh7 14. Rad1 N4d5 15. Bd4 Bxd4 16. Nxd4 Nxc3 17. bxc3 Bd7 18. Re4 Nd5 19. Rde1 Qf6 20. c4 Ne7 21. c3 c5 22. Nb5 Bc6 23. Re5 b6 24. Nc7 Ra7 25. Nb5 Rd7 26. d4 Bxb5 27. cxb5 cxd4 28. cxd4 Rfd8 29. Qe2 Nf5 30. d5 exd5 31. Qf3 Qg7 32. Bxd5 Nd4 33. Qe4 f6 34. Re8 f5 35. Qh4 Rxe8 36. Rxe8 g5 0-1

[Event "RUS-chT Clubs U18"]
[Site "Rybinsk"]
[Date "2008.08.05"]
[Round "4"]
[White "Ognerubova, Anastasia"]
[Black "Voit, Daria"]
[Result "1/2-1/2"]
[WhiteElo "2099"]
[BlackElo "2235"]
[PlyCount "150"]
[EventDate "2008.08.02"]
[EventType "team"]
[EventRounds "9"]
[EventCountry "RUS"]
[SourceTitle "CBM 125 Extra"]
[Source "ChessBase"]
[SourceDate "2008.09.01"]
[SourceVersion "1"]
[SourceVersionDate "2008.09.01"]
[SourceQuality "1"]

1. e4 e5 2. Nf3 Nf6 3. Nxe5 d6 4. Nf3 Nxe4 5. Nc3 Nf6 6. Be2 Be7 7. 0-0 0-0 8. d4 c6 9. d5 Nbd7 10. Bf4 Nb6 11. dxc6 bxc6 12. Nd4 Bd7 13. Bf3 d5 14. Qd3 Nc8 15. Nf5 Bxf5 16. Qxf5 Bd6 17. Bxd6 Qxd6 18. Ne2 Ne7 19. Qf4 Qxf4 20. Nxf4 Nf5 21. Rad1 g5 22. Nh5 Nxh5 23. Bxh5 Kg7 24. Rd3 Rfe8 25. f4 gxf4 26. Rxf4 Nd6 27. Rc3 Rac8 28. Bg4 Rc7 29. Bf3 Ree7 30. Rg4+ Kf6 31. b3 Kf5 32. Ra4 Nb5 33. Rd3 Re1+ 34. Kf2 Rc1 35. c4 Nc3 36. Ra5 Ne4+ 37. Ke3 Re1+ 38. Be2 Re7 39. cxd5 c5 40. g4+ Kg6 41. d6 Nxd6+ 42. Kf4 Re4+ 43. Kf3 Re6 44. Bd1 Ne4 45. Kg2 a6 46. h4 f5 47. h5+ Kg5 48. gxf5 Kxf5 49. Bf3 Kf4 50. Bxe4 Re2+ 51. Kh3 Kxe4 52. Rc3 Kf4 53. Rc4+ R6e4 54. Rxe4+ Kxe4 55. Rxa6 Kf4 56. Rc6 Re5 57. h6 Rd5 58. Rc7 Rh5+ 59. Kg2 Rxh6 60. Rxc5 Rd6 61. Rc2 Rd3 62. b4 Ra3 63. b5 Ke5 64. b6 Ra8 65. Rb2 Kd6 66. a4 Kc6 67. a5 Kb7 68. Ra2 Ka6 69. Kh3 Rf8 70. Kh4 Rf7 71. Kh5 Rg7 72. Kh6 Rf7 73. Rb2 Rb7 74. Ra2 Rf7 75. Rb2 Rb7 1/2-1/2